000 00424nam a2200169Ia 4500
008 260520s2014 xx 000 0 und d
020 _a978-81-203-5055-7
041 _aeng
082 _a822.009/CHA
100 _aChakraborty, K
245 _aIndian Drama in English
250 _a2nd ed
260 _aDELHI
_bPhi Learning PRIVATE LTD
_c2014
300 _a421p.
500 _aCat No: 15002
650 _aENGLISH DRAMA
999 _c1221808
_d1221808